ICTs. towards partnership between university and enterprise in the european context
Vplyv informačných a komunikačných technológií na internú organizáciu a manažment univerzít, podobne ako ich partnerov, podnikateľských subjektov. Prípadová štúdia kultúrneho prístupu na PGV Network.
Salvato in:
| Autore principale: | |
|---|---|
| Natura: | Capitolo di libro |
| Lingua: | inglese |
| Soggetti: | |
| Tags: |
Nessun Tag, puoi essere il primo ad aggiungerne!!
|
MARC
| LEADER | 00000naa a2200000 4500 | ||
|---|---|---|---|
| 001 | 0141720 | ||
| 005 | 20230918093806.1 | ||
| 041 | 0 | |a eng | |
| 044 | |a SK | ||
| 245 | 1 | 0 | |a ICTs. towards partnership between university and enterprise in the european context |c Claude Martin |
| 520 | |a Vplyv informačných a komunikačných technológií na internú organizáciu a manažment univerzít, podobne ako ich partnerov, podnikateľských subjektov. Prípadová štúdia kultúrneho prístupu na PGV Network. | ||
| 610 | 2 | 0 | |a technológie informačné |
| 610 | 2 | 0 | |a technológie komunikačné |
| 610 | 2 | 0 | |a systémy informačné |
| 610 | 2 | 0 | |a podnikatelia |
| 610 | 2 | 0 | |a školy vysoké |
| 610 | 2 | 0 | |a internet |
| 100 | 1 | |a Martin, Claude | |